El viejo librero : (Record no. 198006)
[ view plain ]
| 000 -LEADER | |
|---|---|
| campo de control de longitud fija | 01299nam a2200349 i 4500 |
| 001 - NÚMERO DE CONTROL | |
| campo de control | 198006 |
| 003 - IDENTIFICADOR DE NÚMERO DE CONTROL | |
| campo de control | ES-MaACL |
| 005 - FECHA Y HORA DE LA ÚLTIMA TRANSACCIÓN | |
| campo de control | 20260308063014.0 |
| 007 - CAMPO FIJO DE DESCRIPCIÓN FÍSICA--INFORMACIÓN GENERAL | |
| campo de control de longitud fija | ta |
| 008 - DATOS DE LONGITUD FIJA--INFORMACIÓN GENERAL | |
| campo de control de longitud fija | 251212s2024 sp |||||| 001 0 spa |
| 017 ## - NÚMERO DE COPYRIGHT O DE DEPÓSITO LEGAL | |
| Número de copyright o de depósito legal | SE 1264-2025 |
| Agencia que asigna | Oficina Depósito Legal Sevilla |
| 020 ## - NÚMERO INTERNACIONAL ESTÁNDAR DEL LIBRO | |
| Número Internacional Estándar del Libro | 979-13-87552-96-1 |
| 040 ## - FUENTE DE CATALOGACIÓN | |
| Centro catalogador/agencia de origen | ES-MaACL |
| Lengua de catalogación | spa |
| Centro/agencia transcriptor | ES-MaACL |
| Normas de descripción | rda |
| 080 ## - NÚMERO DE LA CLASIFICACIÓN DECIMAL UNIVERSAL | |
| Número de la Clasificación Decimal Universal | 008:7"20" |
| 100 1# - ENTRADA PRINCIPAL--NOMBRE DE PERSONA | |
| 9 (RLIN) | 78451 |
| Nombre de persona | Martínez Torrón, Diego, |
| Fechas asociadas al nombre | 1950- |
| Relación | aut |
| Término indicativo de función/relación | Autor |
| 245 13 - MENCIÓN DEL TÍTULO | |
| Título | El viejo librero : |
| Resto del título | cultura del tiempo perdido / |
| Mención de responsabilidad, etc. | Diego Martínez Torrón |
| 264 #1 - PRODUCCIÓN, PUBLICACIÓN, DISTRIBUCIÓN, FABRICACIÓN Y COPYRIGHT | |
| Nombre del de productor, editor, distribuidor, fabricante | Valencina de la Concepción, Sevilla : |
| Producción, publicación, distribución, fabricación y copyright | Renacimiento, |
| Fecha de producción, publicación, distribución, fabricación o copyright | 2025 |
| 264 #4 - PRODUCCIÓN, PUBLICACIÓN, DISTRIBUCIÓN, FABRICACIÓN Y COPYRIGHT | |
| Nombre del de productor, editor, distribuidor, fabricante | ©2025 |
| 300 ## - DESCRIPCIÓN FÍSICA | |
| Extensión | 383 páginas ; |
| Dimensiones | 21 cm |
| 336 ## - TIPO DE CONTENIDO | |
| Término de tipo de contenido | texto |
| Fuente | rdacontent |
| 337 ## - TIPO DE MEDIO | |
| Nombre/término del tipo de medio | sin mediación |
| Fuente | rdamedia |
| 338 ## - TIPO DE SOPORTE | |
| Nombre/término del tipo de soporte | volumen |
| Fuente | rdacarrier |
| 500 ## - NOTA GENERAL | |
| Nota general | Ejemplar firmado y dedicado por el autor |
| 500 ## - NOTA GENERAL | |
| Nota general | Índice |
| 650 #4 - PUNTO DE ACCESO ADICIONAL DE MATERIA--TÉRMINO DE MATERIA | |
| 9 (RLIN) | 242893 |
| Término de materia o nombre geográfico como elemento de entrada | Cultura |
| Subdivisión cronológica | S.XXI |
| 655 #4 - TERMINO DE INDIZACIÓN--GENERO/FORMA | |
| 9 (RLIN) | 176636 |
| Datos o término principal de género/forma | Ensayos |
| 852 ## - LOCALIZACIÓN | |
| Ubicación | ES-MaACL |
| Ubicación en estantería | Depósito 1 |
| Número de control de estantería | A-15976 |
| Anotaciones manuscritas | Dedicatoria autógrafa del autor |
| Donativo/Legado | Donación: Diego Martínez Torrón |
| Encuadernación | Encuadernación rústica con solapas |
| itemnumber | 207121 |
| 942 ## - ELEMENTOS DE ENTRADA SECUNDARIOS (KOHA) | |
| Tipo de ítem Koha | Libro impreso |
| Suprimir en OPAC | No |
| Estatus retirado | Estado de pérdida | Fuente del sistema de clasificación o colocación | Estado de daño | No para préstamo | Colección | Biblioteca de origen | Biblioteca actual | Ubicación en estantería | Fecha de adquisición | Fuente de adquisición | Total de préstamos | Signatura topográfica completa | Código de barras | Visto por última vez | Precio de reemplazo | Tipo de ítem Koha | Nota pública |
|---|---|---|---|---|---|---|---|---|---|---|---|---|---|---|---|---|---|
| Clasificación decimal universal | Libros con dedicatorias | Biblioteca del Ateneo de Madrid | Biblioteca del Ateneo de Madrid | Depósito 1 | 12/12/2025 | Donación | A-15976 | 2026-0114 | 06/03/2026 | 06/03/2026 | Libro impreso | Dedicatoria autógrafa del autor |
